• 首页
  • 本馆介绍
  • 公告通知
  • 最新文献
  • 馆藏检索
  • 电子资源
  • 读者导购
  • 参考咨询
  • 我的图书馆
  • 登录
  • 详细信息显示
  • 放入我的书架
  • 预约/预借图书
  • 作者相关作品
  • 分类相关作品
  • 丛书相关作品
  • 出版社相关作品

书目信息

  • 表格格式
  • 工作单格式
  • 卡片格式
题名:
幼儿园多媒体课件制作
    
 
作者: 郑春艳 , 王娟 主编
分册:  
出版信息: 北京   北京理工大学出版社  2019.4
页数: 141页
开本: 24cm
丛书名:
单 册:
中图分类: G436
科图分类:
主题词: 学前教育--多媒体课件--制作--高等学校--教材
电子资源:
ISBN: 978-7-5682-6862-2
000 01164nam0 2200241 45
001 012001003003
005 20131101103443.0
010    @a978-7-5682-6862-2@dCNY29.00
100    @a20190320d2019 em y0chiy0110 ea
101 0  @achi
102    @aCN@b110000
105    @ay z 000yy
106    @ar
200 1  @a幼儿园多媒体课件制作@Ayou er yuan duo mei ti ke jian zhi zuo@f郑春艳,王娟主编
210    @a北京@c北京理工大学出版社@d2019.4
215    @a141页@d24cm
330    @a本教材从幼儿园的实际教学工作出发,主要针对高等学校学前教育专业幼儿园多媒体课件制作课程编写的教材,教材中介绍了多媒体课件制作的基本理论,讲解了各类多媒体素材的采集和加工方法,并分别以PowerPoint、Flash、Camtasia Studio为例,详细阐述了幼儿园中常用的演示型课件、动画型课件、屏幕录制的制作方式、方法和技巧。本教材以课件制作的流程为主线,以任务为引领的方式展开,包含有任务、知识与技能、拓展学习等内容,既适合学前教育专业教学使用,也可用于在职教师的继续教育或参考用书。
606 0  @a学前教育@x多媒体课件@x制作@x高等学校@j教材
690    @aG436@v5
701  0 @a郑春艳@Azheng chun yan@4主编
701  0 @a王娟@Awang juan@4主编
801    @b江苏凤凰@c20191020
905    @b1231586-91@dG436@e184@f6
    
    幼儿园多媒体课件制作/郑春艳,王娟主编.-北京:北京理工大学出版社,2019.4
    141页;24cm
    
    
    ISBN 978-7-5682-6862-2:CNY29.00
    本教材从幼儿园的实际教学工作出发,主要针对高等学校学前教育专业幼儿园多媒体课件制作课程编写的教材,教材中介绍了多媒体课件制作的基本理论,讲解了各类多媒体素材的采集和加工方法,并分别以PowerPoint、Flash、Camtasia Studio为例,详细阐述了幼儿园中常用的演示型课件、动画型课件、屏幕录制的制作方式、方法和技巧。本教材以课件制作的流程为主线,以任务为引领的方式展开,包含有任务、知识与技能、拓展学习等内容,既适合学前教育专业教学使用,也可用于在职教师的继续教育或参考用书。
●
相关链接 在E读中查询图书 在五车中查询图书 在当当中查询图书 在豆瓣中查询图书


正题名:幼儿园多媒体课件制作     索取号:G436/184         预约/预借

序号 登录号 条形码 馆藏地/架位号 状态 备注
1 1231586   212315868   第一样本阅览室/ [索取号:G436/184] 在馆    
2 1231587   212315877   教育系资料室/ [索取号:G436/184] 在馆    
3 1231588   212315886   教育系资料室/ [索取号:G436/184] 在馆    
4 1231589   212315895   教育系资料室/ [索取号:G436/184] 在馆    
5 1231590   212315902   第四借阅区/ [索取号:G436/184] 在馆    
6 1231591   212315911   第四借阅区/ [索取号:G436/184] 在馆    
唐山师范学院图书馆 欢迎您!
大连网信软件有限公司© 版权所有